000 00413pab a2200157 454500
008 180718b2017 xxu||||| |||| 00| 0 eng d
100 _aGuha, Abhijit
245 _aHave we learnt from Singur?: a retrospect
260 _c2017
300 _ap.18-22.
362 _a15 Jul
650 _aLand tenure - India - West Bengal
650 _aLand tenure
773 _aEconomic and Political Weekly
909 _a115586
999 _c115580
_d115580